Gaming Quiz

Random Gaming or Pokémon Quiz

Pokemon Types (Gen 6) Quiz Stats

 Plays Quiz not verified by Sporcle

Challenge
Share
Tweet
Embed
Score 0/19 Timer 02:00
0 Plays Today
Hint Answer % Correct
Considered the most Basic TypeNormal
98.2%
A Starter Pokemon TypeFire
98.2%
A Starter Pokemon TypeWater
97.7%
A Starter Pokemon TypeGrass
97.1%
Commonly, Pokemon of this type have wingsFlying
95.9%
Can break bricks with their bare handsFighting
95.1%
Most popular move is EarthquakeGround
95%
The Coldest TypeIce
93.5%
The Newest Type in Gen VIFairy
93.5%
A lot of Fossil Pokemon are this typeRock
92.6%
Hint Answer % Correct
Goes through wallsGhost
90.8%
Team Rocket often use this typePoison
89.9%
Introduced Generation IIDark
88.8%
The most iconic Pokemon is this typeElectric
88.1%
Can move objects using the mindPsychic
87.2%
Introduced Generation IISteel
86.5%
Most Legendaries are this typeDragon
83.1%
One of the easiest types to find early onBug
80.9%
Type of the move Curse up to Gen IV???
56.2%

You're not logged in!

Compare scores with friends on all Sporcle quizzes.
Join for Free
OR
Log In

You Might Also Like...

Show Comments

Extras

Created Oct 4, 2013ReportNominate
Tags:Pokémon Quiz, gen, known

Top Quizzes Today


Score Distribution

Your Account Isn't Verified!

In order to create a playlist on Sporcle, you need to verify the email address you used during registration. Go to your Sporcle Settings to finish the process.

Report this User

Report this user for behavior that violates our Community Guidelines.

Details: